<?xml version="1.0" encoding="UTF-8"?>
<record
    xmlns:xsi="http://www.w3.org/2001/XMLSchema-instance"
    xsi:schemaLocation="http://www.loc.gov/MARC21/slim http://www.loc.gov/standards/marcxml/schema/MARC21slim.xsd"
    xmlns="http://www.loc.gov/MARC21/slim">

  <leader>01146nam a2200217 a 4500</leader>
  <controlfield tag="001">BRCA_8941</controlfield>
  <controlfield tag="005">20190320210451.0</controlfield>
  <controlfield tag="008">300617s--------sp-#######---#000-0#spa-#</controlfield>
  <datafield tag="041" ind1=" " ind2=" ">
    <subfield code="a">spa</subfield>
  </datafield>
  <datafield tag="044" ind1=" " ind2=" ">
    <subfield code="a">sp</subfield>
  </datafield>
  <datafield tag="084" ind1=" " ind2=" ">
    <subfield code="a">LE34</subfield>
    <subfield code="b">.C84</subfield>
  </datafield>
  <datafield tag="100" ind1="1" ind2=" ">
    <subfield code="a">[Cuesta, Leonardo Antonio de la]</subfield>
    <subfield code="9">22048</subfield>
  </datafield>
  <datafield tag="245" ind1="1" ind2="0">
    <subfield code="a">[Estado sagrado chronologico, geneal&#xF3;gico, y universal del mundo</subfield>
    <subfield code="b">desde su creaci&#xF3;n, hasta los presentes siglos, en que se dar&#xE1; noticia de los Patriarcados, Profetas, Pont&#xED;fices, Emperadores, Reyes, Escritores, y otras personas, Ilustres, con los Concilios, Cismas, Anti-Papas, y varios acaecimientos curiosos en que pueda divertirse todo genero de personas: tomo X</subfield>
    <subfield code="c">su autor D. Leonardo Antonio de la Cuesta, rediente en esta Corte.]</subfield>
  </datafield>
  <datafield tag="300" ind1=" " ind2=" ">
    <subfield code="a">[5], 411 p. (t.10)</subfield>
    <subfield code="c">15.8 x 10.8 cm</subfield>
  </datafield>
  <datafield tag="500" ind1=" " ind2=" ">
    <subfield code="a">Estado f&#xED;sico: presenta encuadernaci&#xF3;n en pergamino con lomo semi desprendido y presencia del pez de plata</subfield>
  </datafield>
  <datafield tag="500" ind1=" " ind2=" ">
    <subfield code="a">Sin portada</subfield>
  </datafield>
  <datafield tag="650" ind1="1" ind2="4">
    <subfield code="a">Biblia</subfield>
    <subfield code="x">Historia de los acontecimientos b&#xED;blicos</subfield>
    <subfield code="y">Obras anteriores a 1800</subfield>
    <subfield code="9">22222</subfield>
  </datafield>
  <datafield tag="650" ind1="1" ind2="4">
    <subfield code="a">Historia universal</subfield>
    <subfield code="y">Obras anteriores a 1800</subfield>
    <subfield code="9">22223</subfield>
  </datafield>
  <datafield tag="902" ind1=" " ind2=" ">
    <subfield code="a">CFM</subfield>
  </datafield>
  <datafield tag="942" ind1=" " ind2=" ">
    <subfield code="2">lcc</subfield>
    <subfield code="c">B</subfield>
  </datafield>
  <datafield tag="999" ind1=" " ind2=" ">
    <subfield code="c">8592</subfield>
    <subfield code="d">8592</subfield>
  </datafield>
  <datafield tag="952" ind1=" " ind2=" ">
    <subfield code="0">0</subfield>
    <subfield code="1">0</subfield>
    <subfield code="4">0</subfield>
    <subfield code="7">0</subfield>
    <subfield code="a">BRCA</subfield>
    <subfield code="b">BRCA</subfield>
    <subfield code="d">2017-06-30</subfield>
    <subfield code="l">0</subfield>
    <subfield code="o">LE34 .C84</subfield>
    <subfield code="p">CFM00264</subfield>
    <subfield code="r">2019-03-22 00:00:00</subfield>
    <subfield code="w">2019-03-22</subfield>
    <subfield code="y">B</subfield>
  </datafield>
</record>
